Russian To English Translation Quiz - Statistics

General Stats
  • This quiz has been taken 36 times
  • The average score is 17 of 30
Answer Stats
Russian English % Correct
Телефон Telephone
96%
Видео Video
86%
Шоколад Chocolate
82%
Город City
82%
Вода Water
82%
Машина Car
79%
Привет Hello
79%
Дом House
79%
Ресторан Restaurant
79%
Туалет Toilet
79%
Гитара Guitar
75%
Бейсбол Baseball
71%
Конкретный Concrete
71%
Торт Cake
64%
Гамбургер Hamburger
57%
Магазин Store
57%
Бензин Gas
54%
Деньги Money
54%
Карандаш Pencil
54%
Тренироваться Train
50%
Кровать Bed
46%
Водить машину Drive
43%
Бумага Paper
43%
Волосы Hair
39%
Товарищ Comrade
25%
Печь Oven
18%
Брюки Pants
14%
Швабра Mop
4%
Чистка Shoe
0%
Телевидение Televison
0%
No matching quizzes found
Score Distribution
Percent of People with Each Score
Percentile by Number Answered
Your Score History
You have not taken this quiz